EJB design patterns: Advanced patterns, processes, and idioms
Đã lưu trong:
| Hovedforfatter: | |
|---|---|
| Format: | Bog |
| Sprog: | Undetermined |
| Udgivet: |
New York
John Wiley and Sons
2002
|
| Fag: | |
| Tags: |
Tilføj Tag
Ingen Tags, Vær først til at tagge denne postø!
|
| Thư viện lưu trữ: | Trung tâm Học liệu Trường Đại học Cần Thơ |
|---|
| LEADER | 00504nam a2200169Ia 4500 | ||
|---|---|---|---|
| 001 | CTU_56376 | ||
| 008 | 210402s9999 xx 000 0 und d | ||
| 082 | |a 005.133 | ||
| 082 | |b M338 | ||
| 100 | |a Floyd Marinescu | ||
| 245 | 0 | |a EJB design patterns: Advanced patterns, processes, and idioms | |
| 245 | 0 | |c Floyd Marinescu | |
| 260 | |a New York | ||
| 260 | |b John Wiley and Sons | ||
| 260 | |c 2002 | ||
| 650 | |a java ( computer program language ) | ||
| 980 | |a Trung tâm Học liệu Trường Đại học Cần Thơ | ||